00333nam a2200121 a 450008200160000010000190001624500470003526000450008230000090012750000350013665000210017170000190019200a291.09bKIT aEliade, Mircea aHistory of Religions Essays in Methodology aChicagobChicago University Press c1962 a163p aincludes index and biblioraphy aReligion-History1 aEliade, Mircea